Pochutiny a koření /

Hlavní autor: Valíček, Pavel, 1939-2023
Jazyk: Čeština
Vydáno: V Brně : Mendelova zemědělská a lesnická univerzita, 2007
Vydání: Vyd. 1.
Témata:
Externí odkaz: Digitalizovaný dokument
Fyzický popis: 84 s. : il. ; 30 cm
Knihy
Uloženo v:
LEADER 01930nam a2200493 a 4500
001 nkc20071722263
003 CZ PrNK
005 20070906111337.0
007 ta
008 070601s2007 xr a e p 000 0 cze
015 |a cnb001722263 
020 |a 978-80-7375-049-7  |q (brož.) 
035 |a (OCoLC)187296709 
040 |a BOA001  |b cze 
072 7 |a 633  |x Rostlinná výroba  |2 Konspekt  |9 24 
072 7 |a 37.016  |x Učební osnovy. Vyučovací předměty. Učebnice  |2 Konspekt  |9 22 
080 |a 641.88  |2 MRF 
080 |a 641.885  |2 MRF 
080 |a 633.83/.84  |2 MRF 
080 |a (075.8)  |2 MRF 
100 1 |a Valíček, Pavel,  |d 1939-2023  |7 jn19990209956  |4 aut 
245 1 0 |a Pochutiny a koření /  |c Pavel Valíček 
250 |a Vyd. 1. 
260 |a V Brně :  |b Mendelova zemědělská a lesnická univerzita,  |c 2007 
300 |a 84 s. :  |b il. ;  |c 30 cm 
500 |a 230 výt. 
504 |a Obsahuje bibliografii 
650 0 7 |a pochutiny  |7 ph250774  |2 czenas 
650 0 7 |a koření  |7 ph115004  |2 czenas 
650 0 7 |a kořeninové rostliny  |7 ph115001  |2 czenas 
650 0 9 |a savours  |2 eczenas 
650 0 9 |a spices  |2 eczenas 
650 0 9 |a spice plants  |2 eczenas 
655 7 |a učebnice vysokých škol  |7 fd133772  |2 czenas 
655 9 |a textbooks (higher)  |2 eczenas 
856 4 1 |u http://www.digitalniknihovna.cz/mzk/uuid/uuid:e261a7f0-576e-11e8-9a07-005056827e52  |y Digitalizovaný dokument  |x NDK 
910 2 |a BOA001  |b 3-1188.130 
990 |a BK 
995 |a 01 
991 |b 200706  |c NOV 
996 6 |b 2610313622  |c 3-1188.130  |l MZK  |r Sklad / do 1 hodiny  |n 11  |p p.v.  |w 000854072  |u 000010  |a 1  |e BOA001  |j MZK50  |s P 
996 7 |b 2610313623  |c 3-1188.130  |l MZK  |r Sklad / do 1 hodiny  |n 21  |p p.v.  |w 000854072  |u 000020  |a 1  |e BOA001  |j MZK50  |s A 
996 7 |b 2610314499  |c 3-1188.130  |l MZK  |r Sklad / do 1 hodiny  |n 6  |p kup  |w 000854072  |u 000030  |a 1  |e BOA001  |j MZK50  |s A 
996 7 |b 2610314500  |c 3-1188.130  |l MZK  |r Sklad / do 1 hodiny  |n 5  |p kup  |w 000854072  |u 000040  |a 1  |e BOA001  |j MZK50  |s A